Quizzes
Events
Quiz Creation
Community
Videos
Private Events
Remove Ads
Sign In
Join for FREE
Feedback
Dark Mode
Quiz Categories
Sports
Geography
Music
Movies
Television
Just For Fun
Miscellaneous
History
Literature
Language
Science
Gaming
Entertainment
Religion
Holiday
For Kids
Quiz Lab
Recent
Popular Today
Quiz Kudos Today
Editor Picks
Curator Picks
Quizzes by...
Day
Popularity
Type
Ratings
Length
Year
Community
Subscriptions
Recent Discussions
Orange Saloon
Badges
Playlists
Quests
Create
Leaderboards
Showdown
Live 5
Trivia Bingo
Activity
Puzzle Library
Sporcle Events
Private Events
Virtual Trivia
Globe League
Become a Host
Pub Owners
SporcleCon
Opinionation
Our Games
Videos
Blog
Mobile Apps
Partnerships
Remove Ads and Go Orange
Feedback
History
US Presidents
World Leaders
Politics
Nation
Discovery
War
Decade
Year
Century
Biography
Art
History
US Presidents
World Leaders
Politics
Nation
Discovery
War
Decade
Year
Century
Biography
Art
Random Quiz
Search Sporcle
×
Quiz Lab
Quiz Lab
History
Division
Type in answers that appear in a list
Type in answers that appear in a list
Classic
Best Score? Go Orange.
Gettysburg: Army of the Potomac Division Commanders Stats
Can you name the division commanders in the Army of the Potomac at Gettysburg?
By
johnspotter90
10m
29 Questions
155 Plays
155 Plays
155 Plays
Comments
Comments
Give Quiz Kudos
Give Quiz Kudos
-
- Ratings
hide this ad
More Info
Replay
Link that replays current quiz
Next Quiz
Link to next quiz in quiz playlist
You Got
0%
They Got
Avg Score
60%
Avg Friend Score
Upgrade to see
Score Distribution
Jump to the score distribution portion of the page
Score
0/29
Timer
10:00
0
Plays Today
Hint
Answer
% Correct
I Corps, 3rd Division (July 1, 1863)
Abner Doubleday
85.1%
Cavalry Corps, 1st Division (July 1-
3, 1863)
John Buford
83.8%
II Corps, 2nd Division (July 1-
3, 1863)
John Gibbon
78.6%
XI Corps, 1st Division (July 1, 1863)
Francis C. Barlow
76.6%
III Corps, 1st Division (July 1-
2, 1863)
David B. Birney
76%
I Corps, 1st Division (July 1-
3, 1863)
James S. Wadsworth
74.7%
II Corps, 3rd Division (July 1-
3, 1863)
Alexander Hays
66.9%
XII Corps, 1st Division (July 1, 1863)
Alpheus S. Williams
66.9%
II Corps, 1st Division (July 1-
3, 1863)
John C. Caldwell
66.2%
XI Corps, 3rd Division (July 1-
3, 1863)
Carl Schurz
66.2%
Cavalry Corps, 3rd Division (July 1-
3, 1863)
Hugh Judson Kilpatrick
66.2%
VI Corps, 3rd Division (July 1-
3, 1863)
John Newton
64.3%
I Corps, 2nd Division (July 1-
3, 1863)
John C. Robinson
63.6%
V Corps, 1st Division (July 1-
3, 1863)
James Barnes
60.4%
III Corps, 2nd Division (July 1-
3, 1863)
Andrew A. Humphreys
59.7%
Hint
Answer
% Correct
V Corps, 3rd Division (July 1-
3, 1863)
Samuel W. Crawford
59.7%
VI Corps, 1st Division (July 1-
3, 1863)
Horatio G. Wright
59.7%
Cavalry Corps, 2nd Division (July 1-
3, 1863)
David McM. Gregg
57.8%
XI Corps, 2nd Division (July 1-
3, 1863)
Adolph von Steinwehr
55.8%
XI Corps, 1st Division (July 1-
3, 1863)
Adelbert Ames
54.5%
V Corps, 2nd Division (July 1-
3, 1863)
Romeyn B. Ayres
53.2%
XII Corps, 2nd Division (July 1-
3, 1863)
John W. Geary
53.2%
I Corps, 3rd Division (July 1, 1863)
Thomas A. Rowley
50.6%
III Corps, 1st Division (July 2-
3, 1863)
J.H.H. Ward
48.1%
VI Corps, 2nd Division (July 1-
3, 1863)
Albion P. Howe
48.1%
II Corps, 2nd Division (July 3, 1863)
William Harrow
44.2%
XI Corps, 3rd Division (July 1, 1863)
Alexander Schimmelfennig
40.9%
XII Corps, 1st Division (July 1-
3, 1863)
Thomas H. Ruger
40.3%
VI Corps, 3rd Division (July 3, 1863)
Frank Wheaton
39.6%
Quiz Playlist
Details
Report
Send in Message
Add To Playlist
More Info:
Includes those officers who were thrust into Division command by the death, wounding, or replacement of previous commanders.
Classic:
Type in answers that appear in a list
Last Updated: Feb 16, 2017
Quiz Scoreboard
CHALLENGE
Sign Up to Join the Scoreboard
Show All
Scores
Hide
Comments
May contain spoilers
Recently Published
College Basketball Coaching Resumes
by pancakes188
Sports
9m
Billboard Blitz: Fleetwood Mac
by CooCooCachoo
Music
15s
Presidents Visiting Landmarks
by Hejman
History
7m
More to Explore
Quiz From the Vault
Featured Blog Post
Where Did the Easter Bunny Come From?
hide this ad
You Might Also Like...
Tags
Battle Studies
Civil War
Division
Gettysburg
US Generals
US Military
War Battles
War Commanders
War Generals
Today's Top Quizzes in History
Browse History
hide this ad
Today's Top Quizzes in Division
Browse Division
Top Contributed Quizzes in History
1
Popular People in 1991
2
Popular People in 1981
3
Popular People in 1951
4
Popular People in 1941
5
Popular People in 1986
6
Popular People in 1976
7
Popular People in 1921
8
I Am Born On March 28th
9
5-to-1: 20th Century Images of War
10
Popular People in 1946
Explore More
Trending Topics
Disney
Crossword
Anime
Kpop
Marvel
Harry Potter
NBA
Song
The Office
NFL
Puzzle
Soccer
Country
Pokémon
WWE
hide this ad
More By:
johnspotter90
Quiz
Plays
Rating
Category
Featured
Created
Follow That Line: Game of Thrones (Season 1)
3,997
4.86
Television
May 19, 2016
Follow That Line: Game of Thrones (Season 6)
3,412
4.85
Television
Jun 27, 2016
The Witcher 3: Wild Hunt Characters
3,348
4.00
Gaming
Jul 14, 2016
The Military History Challenge I
3,159
4.83
History
Aug 26, 2016
A Song of Ice and Fire Clickable Timeline
3,083
3.71
Literature
Jun 4, 2015
Go to Creator's Profile
Score Distribution
Quiz Creator Spotlight
johnspotter90
Follow
Send a Message
Quizzes Created
-
Created Quiz Play Count
-
More By This Creator
Popular Quizzes Today
1
Find the US States - No Outlines Minefield
2
Find the Countries of Europe - No Outlines Minefield
3
The Countries of the World
4
Find the US States
5
Risky Map Clicking: Biggest States A-Z
6
US States
7
Popular People in 1961
8
Movies - When Are They Set?
More History Quizzes
Killer Crossover (History)
Editor's Pick
Trending Quizzes
Risky Map Clicking: Least Populous States A-Z
1-10 Letter G Words
1-10 Letter F Words
Risky Map Clicking: Next State Alphabetically
Click the Washington State Counties! (Map)
Recently Updated
Leaping Animals
pecheneg
Reality TV Shows (A-Z)
bhenderson79
Rickey Henderson's Hall of Fame Teammates
pecheneg
Champions League XIs: Arsenal
pecheneg
Quick Pick: Celebrities in WWE's Hall of Fame
aduchscher
A-Z Keypad Blitz II
pecheneg
Multiple Oscar Actors
pecheneg
Mystery Phrase Blitz: Oscar 'Best Actors'
pecheneg
F. Scott Fitzgerald Novels
LTH
Pick 3 Villains
ddd62291
Trending Topics
Anime
Marvel
Crossword
Harry Potter
NBA
Disney
Kpop
Soccer
NFL
Pokémon
The Office
Puzzle
Country
Song
WWE
Your Account Isn't Verified!
In order to create a playlist on Sporcle, you need to verify the email address you used during registration. Go to your
Sporcle Settings
to finish the process.
Report this User
Report this user for behavior that violates our
Community Guidelines
.
Details:
Send Report
Go to the Sporcle.com Mobile Site →
Comments